000 01081nam a2200277 i 4500
001 184037
003 ES-MaACL
005 20251010161413.0
007 t|
008 150224 2014 sp |||| | spa d
020 _a978-84-61697-79-3
080 _a929 Rodríguez Piñero, Manuel
080 _a94(460.355)"18/19"
100 1 _aOrgambides, Fernando (
_d1954-)
_9156433
245 1 3 _aLa causa republicana en el Cádiz de la Restauración :
_bManuel Rodríguez Piñero (1872-1929) /
_cFernando Orgambides ; con prólogo de Bartolomé Clavero.
260 _a[Barcelona] :
_bSantbooks,
_c2014.
300 _a317 p. ;
_c21 cm.
504 _aBibliografía: p. 307-317.
600 1 7 _aRodríguez Piñero, Manuel,
_d1872-1929
_2
_9156434
651 4 _aCádiz-
_xHistoria.
_9143770
700 0 _aClavero, Bartolomé.
_939130
852 _aES-MaACL
_jA-13415
_9191003
_bR.150179
_cDEPO1
_dOlim: N-6415
_gDedicatoria autógrafa del autor
_hDonación: Fernando Orgambides
903 _9156433
_aOrgambides, Fernando (
_d1954-)
_ednr
942 _2udc
_cMONOGRAFIA
999 _c184037
_d184037